000 00480nam a2200193Ia 4500
003 OSt
005 20250808101513.0
008 250729s2005 xx 000 0 und d
020 _a978-8188836024
040 _cAL
041 _aeng
082 _a370 .954 PRUE
100 _aFox Charls
_9221094
245 _aEducational psychology
260 _aNew Delhi
_bDiscovery Publishing House
_c2005
300 _a293p
650 _aEducation Technology
_9221095
942 _2ddc
_cBED
999 _c234852
_d234852